Statistics for Flag Carrier Airlines Quiz #2

Click here to take the quiz!

General Stats

  • This quiz has been taken 240 times
  • The average score is 16 of 22

Answer Stats

HintAnswer% Correct
United Arab Emirates (2)Emirates
94%
TurkeyTurkish Airlines
92%
IndiaAir India
90%
QatarQatar Airways
90%
United Arab Emirates (1)Etihad Airways
87%
South KoreaKorean Air
87%
Saudi ArabiaSaudia
85%
JapanJapan Airlines
84%
MexicoAeroméxico
83%
South AfricaSouth African Airways
78%
MalaysiaMalaysia Airlines
77%
BelgiumBrussels Airlines
75%
IranIran Air
75%
BruneiRoyal Brunei Airlines
73%
KenyaKenya Airways
71%
North KoreaAir Koryo
68%
Czech RepublicCzech Airlines
63%
AlgeriaAir Algérie
59%
RomaniaTAROM
55%
PanamaCopa Airlines
52%
SloveniaAdria Airways
38%
Costa RicaLacsa
17%

Score Distribution

Percentile by Number Answered

Percent of People with Each Score

Your Score History

You have not taken this quiz